|
|
|
|
| LEADER |
00000nab a2200000 4500 |
| 001 |
vtls011788921 |
| 003 |
SK-MaSNL |
| 005 |
20260318124848.0 |
| 008 |
181105|2018 xo |||| || ||00 0|hun |
| 015 |
|
|
|a SNBR2018/11
|
| 040 |
|
|
|a DSZK
|b slo
|d DSZK
|e rda
|
| 041 |
|
|
|a hun
|
| 043 |
|
|
|a e-xo---
|
| 044 |
|
|
|a xo
|c SK
|
| 072 |
|
7 |
|a 37
|x Výchova a vzdelávanie
|2 konspekt
|
| 080 |
|
|
|a 37.011.3-055.2
|x (437.6)
|2 2011
|
| 080 |
|
|
|a 373.3:7
|x (437.6)
|2 2011
|
| 100 |
1 |
|
|a Csicsai Földes, Éva
|4 aut
|9 1260762
|
| 245 |
1 |
0 |
|a Bemutatkozik a Művészeti Alapiskola helyettes igazgatónője
|c Csicsai Földes Éva
|
| 300 |
|
|
|b Fotografie
|
| 336 |
|
|
|a text
|b txt
|2 rdacontent
|
| 337 |
|
|
|a bez média
|b n
|2 rdamedia
|
| 338 |
|
|
|a zväzok
|b nc
|2 rdacarrier
|
| 600 |
1 |
7 |
|a Csicsai Földes, Éva
|2 dszk
|9 1260762
|
| 610 |
2 |
7 |
|a Základná umelecká škola (Dolný Štál, Slovensko)
|2 dszk
|9 1090457
|
| 650 |
0 |
7 |
|a učiteľky
|2 SNKPH
|9 58149
|
| 651 |
|
7 |
|a Dolný Štál (Slovensko)
|2 SNKPHgeo
|9 79250
|
| 773 |
0 |
|
|t Alistáli Értesítő
|g Évf. XXI, sz. 2 (2018), o. 8
|
| 958 |
|
|
|a SK
|
| 958 |
|
|
|a HU
|
| 958 |
|
|
|a RG
|
| 999 |
|
|
|c 2253621
|d 2255551
|